00780nam a22001217a 4500008004100000100001800041245010900059260001900168300003600187520035500223650006100578773001900639230927b ||||| |||| 00| 0 eng d aGupta, Juhi,  aWomen leaders in global peacemaking: Ensuring sustaining peace and protecting human and women’s rights aSocial Action  a73(2), Apr-Jun, 2023: p.163-177 aWomen’s inclusion in the peacemaking process has always have a matter of global debate. While many counters have well-established regulations to vouch for women’s inclusivity, few still log behind. The current study highlights the overall scenario of how society responds to adversities when women lead the peacemaking processes. – Reproduced  aWomen, Conflicts, Peacemaking, Case studies, Inclusion.  aSocial Action